Statistics for Top 50 Superhero Films (IMDB)

Click here to take the quiz!

General Stats

  • This quiz has been taken 211 times
    (105 since last reset)
  • The average score is 25 of 52

Answer Stats

FilmYearIMDB% Correct
Batman19897.5
95%
The Batman20227.8
95%
The Avengers20128.0
93%
Spider-Man20027.4
92%
The Dark Knight20089.0
92%
Avengers: Endgame20198.4
89%
Iron Man20087.9
89%
Superman19787.4
86%
Avengers: Infinity War20188.4
82%
The Dark Knight Rises20128.4
81%
Batman Begins20058.2
77%
Spider-Man: Homecoming20177.4
77%
Spider-Man 220047.5
76%
Spider-Man: Far from Home20197.4
75%
Spider-Man: No Way Home20218.2
75%
Wonder Woman20177.4
73%
Guardians of the Galaxy20148.0
72%
Captain America: Civil War20167.8
71%
Thor: Ragnarok20177.9
71%
Captain America: The Winter Soldier20147.8
70%
Doctor Strange20167.5
69%
Joker20198.4
66%
Deadpool20168.0
61%
Guardians of the Galaxy Vol. 220177.6
61%
Spider-Man: Into the Spider-Verse20188.4
61%
Deadpool 220187.6
55%
Guardians of the Galaxy Vol. 320237.9
55%
Logan20178.1
54%
Spider-Man: Across the Spider-Verse20238.7
53%
X-Men: Days of Future Past20147.9
51%
Shang-Chi and the Legend of the Ten Rings20217.4
41%
The Incredibles20048.0
40%
X-Men: First Class20117.7
40%
X2: X-Men United20037.4
36%
Incredibles 220187.6
33%
Watchmen20097.6
33%
Big Hero 620147.8
22%
Kick-Ass20107.6
22%
V for Vendetta20058.2
13%
Batman: The Dark Knight Returns, Part 120127.9
6%
Batman: The Dark Knight Returns, Part 220138.3
6%
Batman: Mask of the Phantasm19937.8
5%
RoboCop19877.6
5%
The Crow19947.5
5%
Batman: Under the Red Hood20108.0
2%
Justice League: The Flashpoint Paradox20138.1
2%
Batman: Assault on Arkham20147.4
1%
Batman Beyond: Return of the Joker20007.7
1%
Justice League: Apokolips War20207.7
1%
Justice League: Doom20127.4
1%
The Venture Bros.: Radiant Is the Blood of the Baboon Heart20238.0
1%
Turtles Forever20097.6
1%

Score Distribution

Percentile by Number Answered

Percent of People with Each Score

Your Score History

You have not taken this quiz since the last reset